| 000 | 00876nam a22002417a 4500 | ||
|---|---|---|---|
| 003 | 0 | ||
| 005 | 20251112085707.0 | ||
| 008 | 251112b xxu||||| |||| 00| 0 eng d | ||
| 020 | _a978-1-338-09913-3 | ||
| 050 |
_aPR 6120.H67 _bH37 2016 |
||
| 100 |
_aThorne, Jack, _eauthor. |
||
| 245 |
_aHarry Potter and the cursed child : _b parts one and two / _ca new play by Jack Thorne ; based on an original new story by J.K. Rowling, John Tiffany & Jack Thorne. |
||
| 260 |
_aNew York : _bArthur A. Levine Books, _c2016. |
||
| 300 |
_a327 pages ; _c24 cm. |
||
| 500 | _aThe official script of the original West End production. Special rehearsal edition. | ||
| 650 |
_aWizards _vDrama. |
||
| 650 |
_aMagic _vDrama. |
||
| 650 |
_aTime travel _vDrama. |
||
| 650 | _aFantasy Drama. | ||
| 700 |
_aRowling, J. K., _ereator. |
||
| 700 |
_aTiffany, John, _ecreator. |
||
| 942 |
_2lcc _cBK |
||
| 999 |
_c368605 _d368605 |
||